[Event "30th Cracovia Festival-A 2019"]
[Site "Krakow"]
[Date "2019.12.31"]
[Round "6.18"]
[White "Brozyna, Mateusz"]
[Black "Lewtak, Damian"]
[Result "1/2-1/2"]
[WhiteElo "2188"]
[BlackElo "2379"]
[Annotator "TA"]
[PlyCount "24"]
[EventDate "2019.12.27"]
[EventCountry "POL"]
[SourceTitle "playchess.com"]
[Source "ChessBase"]
[SourceQuality "1"]

{[%evp 15,24,18,23,13,21,7,29,21,21,10,25]} 1. e4 c6 2. d4 d5 3. Nc3 dxe4 4. Nxe4 Nf6 5. Nxf6+ exf6 6. c3 Bd6 7. Bd3 O-O 8. Ne2 Re8 9. O-O {B15: Caro-Kann: 3 Nc3: 3...g6 and 3...dxe4 4 Nxe4 Nf6 5 Nxf6+ exf6} Na6 {[%cal Bb8a6,Ba6c7,Bc7d5][%mdl 32]} 10. Bf4 Bf8 $146 ({Predecessor:} 10... Nc7 11. Qd2 g6 12. Rfe1 Be6 13. Bg3 Bxg3 14. hxg3 Qd6 15. Nf4 Rad8 16. b4 b6 {½-½ (41) Duda,J (2542)-Salgado Lopez,I (2610) Warsaw 2013}) 11. Re1 Nc7 12. Qd2 Nd5 1/2-1/2

[Event "30th Cracovia Festival-A 2019"]
[Site "Krakow"]
[Date "2019.12.31"]
[Round "6.19"]
[White "Plichta, Kamil"]
[Black "Kucza, Karol"]
[Result "1/2-1/2"]
[WhiteElo "2353"]
[BlackElo "2263"]
[Annotator "ChessBase"]
[PlyCount "37"]
[EventDate "2019.12.27"]
[EventCountry "POL"]
[SourceTitle "playchess.com"]
[Source "ChessBase"]
[SourceQuality "1"]

1. Nf3 Nf6 2. g3 d5 3. Bg2 c6 4. O-O Bf5 5. d3 e6 6. c4 h6 7. Be3 Ng4 8. Bd4 c5 9. Bc3 d4 10. Bd2 Nc6 11. Na3 Be7 12. Nc2 O-O 13. a3 e5 14. h3 Nf6 15. b4 e4 16. dxe4 Nxe4 17. bxc5 Bxc5 18. Nb4 Rc8 19. Nd3 1/2-1/2

[Event "30th Cracovia Festival-A 2019"]
[Site "Krakow"]
[Date "2019.12.31"]
[Round "6.20"]
[White "Antolak, Julia"]
[Black "Morgunov, Marc"]
[Result "0-1"]
[WhiteElo "2249"]
[BlackElo "2311"]
[Annotator "ChessBase"]
[PlyCount "103"]
[EventDate "2019.12.27"]
[EventCountry "POL"]
[SourceTitle "playchess.com"]
[Source "ChessBase"]
[SourceQuality "1"]

1. e4 c5 2. Nf3 d6 3. d4 cxd4 4. Nxd4 Nf6 5. Nc3 a6 6. Be3 e5 7. Nb3 Be6 8. f3 h5 9. Nd5 Bxd5 10. exd5 Nbd7 11. Qd2 g6 12. O-O-O Nb6 13. Qa5 Bh6 14. Bxh6 Rxh6 15. Qd2 Rh8 16. f4 exf4 17. Qxf4 Kf8 18. Qd4 Kg7 19. Bd3 Re8 20. Rhe1 Nbxd5 21. Be4 Re5 22. Bxd5 Rxd5 23. Qb4 b5 24. Rxd5 Nxd5 25. Qd4+ Nf6 26. h3 Rc8 27. Rd1 d5 28. Nd2 Qc7 29. c3 Qc5 30. Qxc5 Rxc5 31. Kc2 b4 32. Nb3 Rc4 33. Rd4 bxc3 34. bxc3 Ne4 35. Rxc4 dxc4 36. Na5 Nd6 37. Kd2 Kf6 38. Ke3 Nb5 39. Kd2 Na3 40. Kc1 Kf5 41. Kb2 Nb5 42. Nxc4 Kf4 43. a4 Nc7 44. Nd6 f5 45. Kb3 Kg3 46. Kc4 Kxg2 47. Kc5 f4 48. Kb6 Nd5+ 49. Kxa6 f3 50. Nc4 f2 51. Nd2 Nxc3 52. a5 0-1

[Event "30th Cracovia Festival-A 2019"]
[Site "Krakow"]
[Date "2019.12.31"]
[Round "6.21"]
[White "Punin, Andrii"]
[Black "Sanz Wawer, Daniel"]
[Result "1/2-1/2"]
[WhiteElo "2311"]
[BlackElo "2212"]
[Annotator "ChessBase"]
[PlyCount "76"]
[EventDate "2019.12.27"]
[EventCountry "POL"]
[SourceTitle "playchess.com"]
[Source "ChessBase"]
[SourceQuality "1"]

1. e4 c6 2. d4 d5 3. Nd2 dxe4 4. Nxe4 Bf5 5. Ng3 Bg6 6. Bc4 e6 7. Nh3 Nf6 8. Nf4 Nd5 9. Nxg6 hxg6 10. c3 Nd7 11. Qf3 N7f6 12. Bd2 Bd6 13. O-O-O Qc7 14. Kb1 a5 15. Ne4 Nxe4 16. Qxe4 a4 17. a3 b5 18. Be2 Rb8 19. g3 c5 20. dxc5 Qxc5 21. Bc1 O-O 22. Rhf1 Rfc8 23. Qd4 Qc7 24. Bd2 Be5 25. Qd3 Nb6 26. Qe4 Nc4 27. Bxc4 bxc4 28. Ka2 Rb3 29. Bc1 Rcb8 30. Rd2 Bf6 31. Rfd1 Qb6 32. Qc2 Kh7 33. h4 Qa5 34. h5 Qxh5 35. f4 Qf5 36. Rh2+ Kg8 37. Rdh1 Kf8 38. Qd1 Qd5 1/2-1/2

[Event "30th Cracovia Festival-A 2019"]
[Site "Krakow"]
[Date "2019.12.31"]
[Round "6.22"]
[White "Szustakowski, Antoni"]
[Black "Kasperek, Ryszard"]
[Result "1-0"]
[WhiteElo "2299"]
[BlackElo "2197"]
[Annotator "ChessBase"]
[PlyCount "83"]
[EventDate "2019.12.27"]
[EventCountry "POL"]
[SourceTitle "playchess.com"]
[Source "ChessBase"]
[SourceQuality "1"]

1. d4 Nf6 2. c4 e6 3. Nc3 Bb4 4. f3 d5 5. a3 Bxc3+ 6. bxc3 c5 7. cxd5 exd5 8. e3 O-O 9. Bd3 b6 10. Ne2 Ba6 11. O-O Re8 12. Ng3 Bxd3 13. Qxd3 Nc6 14. Bb2 c4 15. Qe2 h5 16. Rae1 b5 17. Qf2 g6 18. e4 a5 19. e5 Nh7 20. f4 h4 21. Ne2 f5 22. g4 b4 23. g5 Qe7 24. Ra1 Reb8 25. Qxh4 bxc3 26. Bxc3 Rb3 27. Qg3 Nf8 28. Qg2 Rd8 29. Rf3 Qa7 30. Qf2 Ne6 31. Rh3 Rdb8 32. Rh6 Qg7 33. h4 Rb1+ 34. Rxb1 Rxb1+ 35. Kg2 Nf8 36. h5 Nb4 37. Qf3 Qf7 38. hxg6 Nxg6 39. Qh5 Nxf4+ 40. Nxf4 Qxh5 41. Nxh5 Rb3 42. g6 1-0

[Event "30th Cracovia Festival-A 2019"]
[Site "Krakow"]
[Date "2019.12.31"]
[Round "6.23"]
[White "Bugalski, Michal"]
[Black "Malynovskyi, Rostyslav"]
[Result "1-0"]
[WhiteElo "2241"]
[BlackElo "2296"]
[Annotator "ChessBase"]
[PlyCount "89"]
[EventDate "2019.12.27"]
[EventCountry "POL"]
[SourceTitle "playchess.com"]
[Source "ChessBase"]
[SourceQuality "1"]

1. e4 c5 2. c3 d5 3. exd5 Qxd5 4. d4 g6 5. Na3 cxd4 6. Nb5 Na6 7. Be3 Bg7 8. Bxd4 Bxd4 9. Qxd4 Nf6 10. Nf3 O-O 11. Bc4 Qxd4 12. Nbxd4 b6 13. Ne5 Bb7 14. f3 Nc5 15. Kf2 Ncd7 16. Nxd7 Nxd7 17. Rhe1 e5 18. Nb5 a6 19. Nd6 Bc6 20. Rad1 Ra7 21. f4 b5 22. Bb3 e4 23. Nxe4 Bxe4 24. Rxe4 Nc5 25. Red4 Kg7 26. Bd5 Rc8 27. Bf3 Na4 28. R1d2 Nb6 29. Be2 Na4 30. c4 b4 31. c5 a5 32. c6 Nc5 33. Bf3 Kf6 34. g3 h5 35. Rd6+ Ne6 36. Rd7 Ra6 37. R2d6 Re8 38. Bd5 Re7 39. Rxe6+ Rxe6 40. c7 Rac6 41. Bxc6 Rxc6 42. Rd6+ Rxd6 43. c8=Q Rd2+ 44. Kg1 Rxb2 45. Qh8+ 1-0

[Event "30th Cracovia Festival-A 2019"]
[Site "Krakow"]
[Date "2019.12.31"]
[Round "6.24"]
[White "Grabowski, Pawel"]
[Black "Lisowski, Krzysztof"]
[Result "1-0"]
[WhiteElo "2281"]
[BlackElo "2176"]
[Annotator "ChessBase"]
[PlyCount "69"]
[EventDate "2019.12.27"]
[EventCountry "POL"]
[SourceTitle "playchess.com"]
[Source "ChessBase"]
[SourceQuality "1"]

1. Nf3 Nf6 2. b3 e6 3. Bb2 d5 4. g3 c5 5. Bg2 Nc6 6. O-O Be7 7. d3 O-O 8. Nbd2 Qc7 9. e4 Rd8 10. Re1 b5 11. exd5 exd5 12. a4 b4 13. Ne5 Be6 14. Ndf3 Nd7 15. Nxc6 Qxc6 16. h4 h6 17. g4 Bf8 18. g5 h5 19. Ne5 Nxe5 20. Bxe5 g6 21. Qf3 Bg4 22. Qf4 Rd7 23. Re3 Bg7 24. Rae1 Bxe5 25. Rxe5 Be6 26. Qf6 Re8 27. f4 Rdd8 28. f5 gxf5 29. g6 Qd7 30. Qg5 f4 31. gxf7+ Kxf7 32. Qxf4+ Kg7 33. Rg5+ Kh7 34. Rxh5+ Kg8 35. Qf6 1-0

[Event "30th Cracovia Festival-A 2019"]
[Site "Krakow"]
[Date "2020.01.02"]
[Round "7.1"]
[White "Gumularz, Szymon"]
[Black "Vetoshko, Volodymyr"]
[Result "1-0"]
[WhiteElo "2493"]
[BlackElo "2511"]
[Annotator "TA"]
[PlyCount "81"]
[EventDate "2019.12.27"]
[EventCountry "POL"]
[SourceTitle "playchess.com"]
[Source "ChessBase"]
[SourceQuality "1"]

{[%evp 9,81,24,29,10,16,8,11,14,35,39,39,35,39,30,54,47,61,69,77,68,76,67,88,83,90,20,48,24,37,33,28,12,21,3,44,31,33,31,22,25,49,48,93,93,93,93,93,93,85,84,110,102,107,81,149,170,168,130,131,88,269,296,331,170,316,325,316,318,454,448,509,477,798,717]} 1. c4 e6 2. Nc3 d5 3. d4 a6 4. cxd5 exd5 5. Nf3 Nf6 6. Bf4 {D37: Queen's Gambit Declined: 5 Bf4} (6. Bg5 Be6 7. e3 Nbd7 8. Bd3 c6 9. Qb3 Qb6 10. Qxb6 Nxb6 11. Bxf6 gxf6 12. Nh4 a5 13. O-O-O Bb4 {1-0 (40) So,W (2767)-Demchenko,A (2655) Khanty-Mansiysk 2019}) 6... Bd6 7. Be5 c6 8. e3 {The position is equal.} Bf5 $146 ({Predecessor:} 8... O-O 9. Bd3 Bxe5 10. Nxe5 Nbd7 11. f4 Nxe5 12. fxe5 Ng4 13. Qf3 f6 {1-0 (55) Gajewski,G (2613)-Nevednichy,V (2516) Riga 2019}) 9. Qb3 b5 {[%cal Bb7b5,Bb5b4][%mdl 32]} 10. a4 {[%cal Ra4b5]} b4 11. Ne2 $36 {[%mdl 2048] White is more active.} a5 12. Ng3 Be6 13. Rc1 O-O 14. Bd3 Ng4 15. Bxd6 Qxd6 16. Qc2 g6 17. Nf1 (17. O-O $16) 17... Nd7 18. N1d2 Nb6 19. O-O Rfc8 20. b3 Nd7 21. Qb2 Nh6 22. Rc2 Bf5 23. Bxf5 Nxf5 24. Rfc1 Rc7 25. Ne5 {[%cal Rc2c6]} Nxe5 26. dxe5 Qd7 27. Nf3 {[%cal Bd2f3,Bf3d4,Bd4b5,Bb5d6][%mdl 32]} Ng7 28. Nd4 Ra6 29. Nb5 Rb7 30. Nd6 Rc7 31. e4 {[#] And now exd5 would win.} Raa7 (31... Ne6 $142) 32. Rd2 $16 Ne6 33. Rf1 Nf4 34. f3 Qe6 $2 {[#]} (34... Ra8 $16) 35. g3 $18 Nh3+ 36. Kh1 (36. Kg2 $142) 36... Rd7 (36... Ra8 $142 37. Rc1 Rd7) 37. exd5 cxd5 38. f4 Rac7 (38... f6 $142 39. Qd4 Ra8) 39. Qd4 {White is clearly winning.} Rc3 {If Black can now play ...f6 this consolidates a bit.} 40. Kg2 Qg4 (40... f6 $142 41. Qxd5 Qxd5+ 42. Rxd5 fxe5 43. Kxh3 (43. fxe5 Ng5 $16) 43... exf4 44. Rxf4 Rxb3) 41. Ne8 {Accuracy: White = 66%, Black = 39%.} 1-0

[Event "30th Cracovia Festival-A 2019"]
[Site "Krakow"]
[Date "2020.01.02"]
[Round "7.2"]
[White "Golubka, Petro"]
[Black "Tomczak, Jacek"]
[Result "1-0"]
[WhiteElo "2479"]
[BlackElo "2605"]
[Annotator "RC"]
[PlyCount "147"]
[EventDate "2019.12.27"]
[EventCountry "POL"]
[SourceTitle "playchess.com"]
[Source "ChessBase"]
[SourceQuality "1"]

1. d4 Nf6 2. Nf3 g6 3. g3 Bg7 4. Bg2 d5 5. O-O O-O 6. c4 dxc4 7. Na3 c3 8. bxc3 c5 9. Re1 Qa5 10. Bb2 Nd5 11. Qb3 Nb6 12. e3 Bd7 13. c4 Ba4 14. Bc3 Bxb3 15. Bxa5 Nxc4 16. Nxc4 Bxc4 17. Rec1 Bd5 18. Rxc5 e6 19. Bd2 Nc6 20. Rb5 b6 21. Ng5 Bxg2 22. Kxg2 Rfc8 23. a4 Rab8 24. Rab1 Bf6 25. Ne4 Be7 26. g4 h6 27. h3 Kf8 28. Kf3 Ke8 29. Ke2 Kd7 30. Be1 Kc7 31. f3 Kd7 32. Bg3 Ra8 33. Bf4 g5 34. Bg3 Na5 35. Rxa5 bxa5 36. Rb7+ Kd8 37. Nd6 Rc2+ 38. Kd3 Ra2 39. Nxf7+ Ke8 40. Bd6 Bxd6 41. Nxd6+ Kf8 42. Nb5 Rxa4 43. Nc7 Rc8 44. Nxe6+ Kg8 45. Rg7+ Kh8 46. Rxa7 Rc6 47. Nc5 Ra3+ 48. Ke4 Kg8 49. Kd5 Rc8 50. e4 Rxf3 51. Rxa5 Rxh3 52. Nd7 Re3 53. e5 Kf7 54. Ra7 Rd8 55. Kd6 Re4 56. d5 Rxg4 57. e6+ Kg7 58. e7 Re8 59. Ne5 Re4 60. Ke6 g4 61. d6 g3 62. Ra3 h5 63. Rxg3+ Kh6 64. Kd5 Re1 65. Ke6 h4 66. Rd3 Kg5 67. Kd5 Re2 68. Nc6 Kg4 69. d7 R2xe7 70. Nxe7 Rd8 71. Ke6 h3 72. Ng6 h2 73. Ne5+ Kf4 74. Rh3 1-0

[Event "30th Cracovia Festival-A 2019"]
[Site "Krakow"]
[Date "2020.01.02"]
[Round "7.3"]
[White "Sabuk, Piotr"]
[Black "Tazbir, Marcin"]
[Result "1-0"]
[WhiteElo "2354"]
[BlackElo "2525"]
[Annotator "RC"]
[PlyCount "81"]
[EventDate "2019.12.27"]
[EventCountry "POL"]
[SourceTitle "playchess.com"]
[Source "ChessBase"]
[SourceQuality "1"]

1. d4 d5 2. c4 e6 3. Nf3 c6 4. g3 dxc4 5. Bg2 b5 6. O-O Bb7 7. b3 cxb3 8. Qxb3 Nd7 9. Ne5 Rc8 10. Nc3 b4 11. a3 Ngf6 12. Nxd7 Qxd7 13. axb4 Qxd4 14. Be3 Qxb4 15. Qc2 Nd5 16. Bd2 Qb6 17. Rfb1 Nb4 18. Qa4 a5 19. Qxa5 Qxa5 20. Rxa5 Rd8 21. Be3 Rd7 22. Na4 Nd5 23. Ra7 Bc8 24. Bxd5 Rxa7 25. Bxa7 cxd5 26. Rb8 Kd8 27. Nb6 Kc7 28. Rxc8+ Kb7 29. Rd8 g6 30. Rd7+ Kc6 31. Rxf7 Bd6 32. Na4 Ra8 33. Nb2 h5 34. Nd3 e5 35. Kg2 d4 36. Kf3 Kd5 37. e4+ dxe3 38. Kxe3 g5 39. Ke2 Rc8 40. Be3 g4 41. Rd7 1-0

[Event "30th Cracovia Festival-A 2019"]
[Site "Krakow"]
[Date "2020.01.02"]
[Round "7.4"]
[White "Girish, A. Koushik"]
[Black "Chmiel, Marcin"]
[Result "1-0"]
[WhiteElo "2506"]
[BlackElo "2230"]
[Annotator "ChessBase"]
[PlyCount "63"]
[EventDate "2019.12.27"]
[EventCountry "POL"]
[SourceTitle "playchess.com"]
[Source "ChessBase"]
[SourceQuality "1"]

1. c4 c6 2. Nf3 d5 3. e3 Nf6 4. Nc3 a6 5. d4 Bf5 6. Nh4 Bg6 7. Qb3 Ra7 8. Nxg6 hxg6 9. g3 e6 10. Bg2 Bd6 11. O-O Nbd7 12. e4 dxe4 13. Nxe4 Nxe4 14. Bxe4 Qa5 15. c5 Be7 16. a4 O-O 17. Bxg6 e5 18. Bc2 exd4 19. Qd3 Nf6 20. Bg5 g6 21. Qxd4 Nd5 22. Bxe7 Nxe7 23. Rfe1 Nd5 24. Re4 Qd8 25. Rh4 Qf6 26. Bb3 Raa8 27. Bxd5 Qxd4 28. Rxd4 Rad8 29. Bxf7+ Kxf7 30. Rad1 Rxd4 31. Rxd4 Ke7 32. a5 1-0

[Event "30th Cracovia Festival-A 2019"]
[Site "Krakow"]
[Date "2020.01.02"]
[Round "7.5"]
[White "Moroni, Luca Jr"]
[Black "Kyc, Jerzy"]
[Result "1-0"]
[WhiteElo "2528"]
[BlackElo "2340"]
[Annotator "RC"]
[PlyCount "85"]
[EventDate "2019.12.27"]
[EventCountry "POL"]
[SourceTitle "playchess.com"]
[Source "ChessBase"]
[SourceQuality "1"]

1. d4 d5 2. Bf4 Nf6 3. e3 c5 4. dxc5 Qa5+ 5. Nc3 Qxc5 6. Nb5 Na6 7. c3 e6 8. Nf3 Be7 9. Be5 Qb6 10. Bd3 Bd7 11. a4 O-O 12. b4 Qd8 13. Qc2 h6 14. O-O Bxb5 15. axb5 Nc7 16. Bd4 a6 17. bxa6 Nxa6 18. Ra5 Rc8 19. Bxa6 bxa6 20. Qd3 Ne4 21. Ne5 Bd6 22. f4 Bxe5 23. fxe5 Rc4 24. Rxa6 Qc7 25. Ra3 Qc6 26. Rb1 Rb8 27. h3 Rb5 28. Rba1 Rb7 29. Ra8+ Kh7 30. R1a7 Rxa7 31. Rxa7 Qe8 32. Qb1 Kg8 33. b5 Nxc3 34. Bxc3 Rxc3 35. b6 Rc8 36. b7 Rb8 37. Qb6 Kh7 38. Qc7 Kg6 39. Kh2 f6 40. Ra6 Kf5 41. Qxg7 fxe5 42. e4+ dxe4 43. Ra5 1-0

[Event "30th Cracovia Festival-A 2019"]
[Site "Krakow"]
[Date "2020.01.02"]
[Round "7.6"]
[White "Jarmula, Lukasz"]
[Black "Mis, Mieszko"]
[Result "1/2-1/2"]
[WhiteElo "2466"]
[BlackElo "2320"]
[Annotator "TA"]
[PlyCount "68"]
[EventDate "2019.12.27"]
[EventCountry "POL"]
[SourceTitle "playchess.com"]
[Source "ChessBase"]
[SourceQuality "1"]

{[%evp 9,68,43,43,31,44,39,58,58,54,50,60,44,52,38,47,37,46,27,37,27,33,25,43,24,52,47,39,26,59,28,49,39,46,13,11,11,14,12,17,24,14,0,0,0,0,0,0,-10,0,-6,-2,-8,0,-20,0,0,10,0,0,0,0]} 1. e4 c6 2. Nc3 d5 3. Nf3 a6 (3... Nf6 4. e5 Ne4 5. Ne2 Qb6 6. d4 e6 7. Ng3 c5 8. Bd3 Nxg3 9. fxg3 cxd4 10. O-O h6 11. a3 Nc6 12. b4 a6 13. g4 Be7 14. Qe1 Bd7 15. Rb1 Na7 16. Bb2 Nb5 17. Qf2 O-O 18. a4 Nc7 19. Bxd4 {1-0 (19) Vachier Lagrave,M (2774)-Wei,Y (2721) chess.com INT 2019}) 4. d4 Bg4 5. h3 Bxf3 6. Qxf3 {[%cal Re4d5] B11: Caro-Kann: Two Knights Variation} e6 7. Bd3 Nf6 8. O-O {White is slightly better.} dxe4 9. Nxe4 Nxe4 10. Qxe4 Nd7 11. c3 g6 $146 ({Predecessor:} 11... Nf6) 12. Bf4 Bg7 13. Bc2 O-O 14. Rad1 Qb6 15. Bc1 Rfe8 16. h4 Rad8 17. Qf3 Qa5 18. a3 Nf6 19. Rfe1 {Strongly threatening Bg5.} (19. Bg5 $5 {[%cal Rg5f6]} Qd5 20. Rd3 $16) 19... Qh5 20. Qg3 Qd5 21. b3 Qd6 22. Qf3 Qd5 23. Qh3 Qd6 24. a4 Nd5 25. Qf3 {The position is equal.} b5 26. axb5 cxb5 27. Be4 b4 28. cxb4 Nxb4 29. Bf4 Qd7 30. Be5 f5 {[#] And now ...Bxe5 would win.} 31. Bb1 Bxe5 32. dxe5 Nd5 33. Bd3 Nc3 34. Rc1 Qxd3 {Accuracy: White = 49%, Black = 61%.} 1/2-1/2

[Event "30th Cracovia Festival-A 2019"]
[Site "Krakow"]
[Date "2020.01.02"]
[Round "7.7"]
[White "Grinev, Valeriy"]
[Black "Zylka, Stanislaw"]
[Result "1/2-1/2"]
[WhiteElo "2441"]
[BlackElo "2334"]
[Annotator "TA"]
[PlyCount "87"]
[EventDate "2019.12.27"]
[EventCountry "POL"]
[SourceTitle "playchess.com"]
[Source "ChessBase"]
[SourceQuality "1"]

{[%evp 14,87,25,20,27,28,21,26,21,19,20,20,20,20,20,18,18,21,17,14,14,14,16,16,17,17,19,16,14,15,15,14,24,23,16,17,29,27,29,27,27,28,26,22,23,22,39,39,47,41,41,33,32,32,32,32,41,32,32,32,33,41,35,14,14,14,14,14,63,19,27,14,63,63,63,23]} 1. d4 Nf6 2. Nf3 g6 3. g3 Bg7 4. Bg2 O-O 5. O-O d5 6. c4 dxc4 7. Na3 c5 8. dxc5 c3 {D77: Fianchetto Grünfeld: 6 0-0: Replies other than 6...c6} 9. Nb5 Na6 {[%cal Bb8a6,Ba6c5,Bc5e4][%mdl 32]} 10. Nxc3 Nxc5 {White has an edge.} 11. Be3 {[#] Strongly threatening Qxd8.} Nfe4 12. Nxe4 Nxe4 13. Bd4 Bxd4 14. Qxd4 Qxd4 15. Nxd4 Nd6 16. Rac1 (16. Rfc1 Rd8 17. f4 Bg4 18. h3 Bd7 19. Kf2 Rac8 20. b3 b6 {½-½ (20) Rapport,R (2747)-Ding,L (2805) Saint Louis 2019}) 16... Rd8 $146 17. f4 Bd7 18. Rc7 Rac8 19. Rfc1 Kf8 20. Kf2 Rxc7 21. Rxc7 Bg4 22. Ke3 Rc8 (22... Rd7 {keeps more tension.} 23. Rc1 b6 24. h3 Nf5+ 25. Nxf5 Bxf5 26. g4 Be6) 23. Rxc8+ Bxc8 $11 {[%mdl 4096] Endgame KBN-KBN} 24. Kd3 Bd7 25. e4 Nb5 26. Nc2 Ke8 27. e5 b6 28. Nb4 Nc7 29. Nc6 Bxc6 30. Bxc6+ {KB-KN} Kf8 31. g4 Kg7 32. b4 h6 33. Ke4 e6 34. a3 Kh7 35. Ba4 Kg7 36. Bb3 Kf8 37. Bc4 Kg7 38. h4 Kf8 39. Kf3 Kg7 40. Ke3 Kh7 41. Ke4 Kg7 42. f5 g5 43. f6+ Kf8 44. hxg5 {Accuracy: White = 70%, Black = 71%.} 1/2-1/2

[Event "30th Cracovia Festival-A 2019"]
[Site "Krakow"]
[Date "2020.01.02"]
[Round "7.8"]
[White "Niedbala, Bartlomiej"]
[Black "Nikitenko, Mihail"]
[Result "1-0"]
[WhiteElo "2239"]
[BlackElo "2422"]
[Annotator "NA"]
[PlyCount "121"]
[EventDate "2019.12.27"]
[EventCountry "POL"]
[SourceTitle "playchess.com"]
[Source "ChessBase"]
[SourceQuality "1"]

1. d4 d5 2. c4 c6 3. cxd5 cxd5 4. Nc3 Nf6 5. Bf4 Nc6 6. e3 e6 7. Bd3 Be7 8. h3 Bd7 9. Nf3 O-O 10. O-O Qb6 11. Qe2 Rfc8 {D13: Slav Defence: Exchange variation without ...Bf5} 12. Rac1 (12. Ne5) 12... Be8 13. Ne5 Qd8 14. Bb1 Nd7 $146 ({Predecessor:} 14... a6 15. g4 Nxe5 16. Bxe5 Nd7 17. Bg3 Nf8 18. f4 b5 19. a3 {0-1 (44) Tarasevich,M (2014)-Nikitenko,M (2365) Rogachev 2018}) 15. Qd3 Nf8 16. Nxc6 Rxc6 17. Ne2 Qb6 18. Rxc6 bxc6 19. Qd2 c5 $11 20. dxc5 Bxc5 21. Rc1 Ng6 22. Bxg6 hxg6 23. Be5 Bf8 24. Nf4 Qa6 25. a3 Rc8 26. Rxc8 Qxc8 27. Bd4 a6 28. Nd3 Bb5 29. Ne5 Bd6 30. Qc3 Qxc3 31. Bxc3 g5 32. Nf3 f6 33. Nd4 Bd7 34. b4 Kf7 35. Nb3 Bb5 36. f3 e5 37. Kf2 Ke7 38. Nc5 Bc7 39. g3 Bc4 40. Bd2 Bb6 41. e4 d4 42. Na4 Ba7 43. Nb2 Bb5 44. a4 Bd7 45. g4 Be6 46. Ke2 Bb3 47. Kd3 Bb8 48. Be1 Bd6 49. Bd2 Kd7 50. Be1 Kc7 51. Bd2 Be7 52. Be1 Kb7 53. Bd2 Ka7 54. Be1 a5 55. b5 Ba3 56. Nc4 Bc1 57. b6+ Ka6 58. Nxa5 Ba2 59. b7 Bb1+ 60. Ke2 d3+ 61. Kf2 1-0

[Event "30th Cracovia Festival-A 2019"]
[Site "Krakow"]
[Date "2020.01.02"]
[Round "7.9"]
[White "Fus, Jakub"]
[Black "Kopylov, Daniel"]
[Result "1/2-1/2"]
[WhiteElo "2363"]
[BlackElo "2294"]
[Annotator "NA"]
[PlyCount "49"]
[EventDate "2019.12.27"]
[EventCountry "POL"]
[SourceTitle "playchess.com"]
[Source "ChessBase"]
[SourceQuality "1"]

1. e4 c5 2. Nf3 d6 3. d4 cxd4 4. Qxd4 Nc6 5. Bb5 Bd7 6. Bxc6 Bxc6 7. Nc3 Nf6 8. Bg5 e6 9. O-O-O Be7 10. Qd3 O-O 11. Nd4 Rc8 12. f4 Qa5 13. Kb1 Rfd8 14. g4 Kf8 15. Bxf6 Bxf6 16. Nce2 g6 17. Rhf1 Kg8 18. g5 Bg7 19. h4 Qc5 20. f5 Qe5 21. Nc3 Qxd4 22. Qxd4 Bxd4 23. Rxd4 gxf5 24. exf5 e5 25. Rg4 1/2-1/2

[Event "30th Cracovia Festival-A 2019"]
[Site "Krakow"]
[Date "2020.01.02"]
[Round "7.10"]
[White "Evchin, Maxim"]
[Black "Farkas, Gabor"]
[Result "0-1"]
[WhiteElo "2315"]
[BlackElo "2357"]
[Annotator "NA"]
[PlyCount "75"]
[EventDate "2019.12.27"]
[EventCountry "POL"]
[SourceTitle "playchess.com"]
[Source "ChessBase"]
[SourceQuality "1"]

1. e4 c5 2. Nf3 Nc6 3. Bb5 d6 4. O-O Bd7 5. Re1 Nf6 6. c3 a6 7. Bf1 Bg4 8. h3 Bxf3 9. Qxf3 e6 10. d3 Be7 11. Qd1 d5 12. e5 Nd7 13. Bf4 g5 14. Bg3 h5 15. Nd2 Qc7 16. a3 g4 17. hxg4 hxg4 18. Be2 Bh4 19. Bf4 f5 20. g3 Be7 21. Bf1 Nf8 22. d4 Ng6 23. Be3 O-O-O 24. Nb3 Rh5 25. Bg2 Rdh8 26. dxc5 Ngxe5 27. Bf4 Bf6 28. Nd4 Qh7 29. Kf1 Rh2 30. Nxc6 Nxc6 31. Bxd5 exd5 32. Qxd5 Rh1+ 33. Ke2 Re8+ 34. Kd2 Rhxe1 35. Rxe1 Rxe1 36. Kxe1 Qd7 37. Bd6 Nd8 38. Qd1 0-1

[Event "30th Cracovia Festival-A 2019"]
[Site "Krakow"]
[Date "2020.01.02"]
[Round "7.11"]
[White "Piotrowski, Przemyslaw"]
[Black "Brodowski, Piotr"]
[Result "0-1"]
[WhiteElo "2277"]
[BlackElo "2445"]
[Annotator "TA"]
[PlyCount "62"]
[EventDate "2019.12.27"]
[EventCountry "POL"]
[SourceTitle "playchess.com"]
[Source "ChessBase"]
[SourceQuality "1"]

{[%evp 10,124,29,42,38,44,52,29,63,62,78,50,45,19,43,44,94,59,80,18,24,23,19,18,38,40,42,5,10,12,106,52,53,65,74,66,101,0,0,0,0,0,0,-162,-156,-171,-162,-167,-154,-197,-175,-169,-166,-172,-170,-173,-161,-169,-164,-154,-155,-170,-149,-286,-262,-267,-256,-269,-282,-400,-362,-512,-525,-520,-528,-500,-509,-477,-394,-395,-285,-576,-462,-563,-280,-529,-533,-533,-533,-533,-533,-533,-533,-532,-530,-521,-510,-516,-512,-506,-503,-488,-478,-442,-393,-406,-407,-325,-361,-463,-401,-12837,-12837,-12837,-12837,-12838,-12838]} 1. e4 c5 2. Nf3 g6 3. d4 Bg7 4. dxc5 Qa5+ 5. Bd2 Qxc5 6. Nc3 d6 {B27: Sicilian: 2 Nf3, unusual Black 2nd moves} (6... Nf6 7. Be2 O-O 8. O-O d6 9. Be3 Qc7 10. h3 b6 11. Nd4 Bb7 12. Bf3 Nbd7 13. g3 a6 14. Nd5 {1-0 (67) Kryvoruchko,Y (2701)-Shoker,S (2500) Antalya 2013}) 7. Nd5 Bg4 $146 ({Predecessor:} 7... Bd7 8. Be3 Qa5+ 9. Qd2 Qxd2+ 10. Nxd2 Kd8 11. O-O-O Nc6 12. f4 Nf6 13. c3 Nxd5 14. exd5 {1-0 (50) Efimov,I (2468)-Ljubisavljevic,Z (2272) Bagnara Calabra 2008}) 8. Be3 Qa5+ {White has an edge.} 9. Qd2 Qxd2+ 10. Kxd2 {Hoping for Nc7+.} Kd8 11. Bd4 Bh6+ 12. Ke1 f6 13. Rd1 Nc6 {[#]} 14. Be3 (14. Bc3 $1 $16) 14... f5 15. exf5 gxf5 16. Be2 e6 17. Nf4 Ke7 18. h3 Bxf3 $1 19. Bxf3 Bg7 (19... Ne5 $11 {keeps the balance.}) 20. c3 (20. g4 $16) 20... Nf6 21. Ke2 Ne5 22. g4 fxg4 23. Bxg4 (23. hxg4 $16 Nxf3 24. Kxf3) 23... Bh6 $11 24. Nd5+ {[%mdl 64] Discovered Attack} Nxd5 25. Bxh6 Rag8 26. f4 $2 {[#]} (26. Rd4 $11 {and White has nothing to worry.}) 26... Nf7 $1 $19 {[%cal Rf7h6]} ({Not} 26... Nxg4 27. hxg4 Rxg4 28. Kf3 $11) 27. Bg5+ Nxg5 28. fxg5 Rxg5 29. c4 Re5+ 30. Kd3 Nf4+ 31. Kc2 h5 {Played: Rh8-c8} 0-1